[Event "GER-chT U14 Girls"]
[Site "Greifswald"]
[Date "2001.12.28"]
[Round "3.3"]
[White "Kaiser, Juliane"]
[Black "Nischik, Natascha"]
[Result "0-1"]
[WhiteElo "1108"]
[BlackElo "845"]
[PlyCount "116"]
[EventDate "2001.12.27"]
[EventType "team-swiss"]
[EventRounds "7"]
[EventCountry "GER"]
[SourceTitle "EXT 2003"]
[Source "ChessBase"]
[SourceDate "2002.11.25"]
[SourceVersion "1"]
[SourceVersionDate "2002.11.25"]
[SourceQuality "1"]
[WhiteTeam "Halle Franckesche Stift U14 Girls"]
[BlackTeam "Wadgassen/Differten U14 Girls"]
[WhiteTeamCountry "GER"]
[BlackTeamCountry "GER"]

1. e4 e5 2. Nf3 Nf6 3. Nc3 Nc6 4. Bc4 Bc5 5. 0-0 0-0 6. d3 d6 7. Be3 Bb6 8. d4 exd4 9. Nxd4 Nxd4 10. Bxd4 Be6 11. Bd5 Nxd5 12. exd5 Bd7 13. Re1 Re8 14. Qd2 Bxd4 15. Qxd4 Rxe1+ 16. Rxe1 c5 17. dxc6 Bxc6 18. Ne4 Qa5 19. b4 Qb6 20. Qxb6 axb6 21. Nxd6 Rxa2 22. b5 Bd7 23. c4 Rc2 24. Nc8 h6 25. Nxb6 Be6 26. h3 Bxc4 27. Nxc4 Rxc4 28. Re8+ Kh7 29. Rb8 Rc7 30. b6 Rd7 31. Kf1 Kg6 32. Ke2 Kf6 33. Re8 Re7+ 34. Rxe7 Kxe7 35. g4 Kd6 36. g5 hxg5 37. Kf3 Kc6 38. Kg4 Kxb6 39. Kxg5 Kc5 40. f4 b5 41. f5 b4 42. f6 gxf6+ 43. Kxf6 b3 44. h4 b2 45. h5 b1Q 46. h6 Qf1+ 47. Kg5 Qg2+ 48. Kf6 Qg6+ 49. Ke7 Qxh6 50. Kxf7 Kd6 51. Kg8 Qf6 52. Kh7 Ke7 53. Kg8 Qf8+ 54. Kh7 Qf5+ 55. Kg8 Kf6 56. Kh8 Kg6 57. Kg8 Qf7+ 58. Kh8 Qh7# 0-1